000 00581nam a22001577a 4500
003 NUST
082 _a610
100 _aKhan ,Tooba Javaid
_9122441
245 _aDevelopment of Novel Biodegradable Polymer-based Drug Composite for the application of Cardiovascular Implants /
_cTooba Javaid Khan
264 _aIslamabad:
_bSMME- NUST.
_c2021.
300 _a95p. ;
_bSoft Copy,
_c30cm.
650 _aMS Biomedical Sciences (BMS)
700 _aSupervisor : Dr. Murtaza Najabat Ali
_9119580
856 _uhttp://10.250.8.41:8080/xmlui/handle/123456789/28158
942 _2ddc
_cTHE
999 _c608938
_d608938